Normal view
MARC view
- Pompa, Fidel
Entry Nombre Personal
001 - NUMERO DE CONTROL
- campo de control: 49488
003 - IDENTIFICADOR DE NUMERO DE CONTROL
- campo de control: MX-MxUPN
005 - FECHA Y HORA DE LA ÜLTIMA TRANSACCIÓN
- campo de control: 20230623131915.0
008 - DATOS DE LONGITUD FIJA
- campo de control de longitud fija: 230623|| aca||aabn | a|a d
040 ## - FUENTE DE CATALOGACIÓN
- Agencia original de catalogación: MX-MxUPN
- Lenguaje de catalogación: spa
- Agencia de transcripción: MX-MxUPN
100 1# - ENCABEZAMIENTO - NOMBRE PERSONAL
- Nombre personal: Pompa, Fidel
670 ## - FUENTE EN LA QUE SE LOCALIZARON DATOS
- Cita de la fuente: La administración y organización escolar, 1979:
- Información localizada: portada (Fidel Pompa)
902 ## - CATALOGADOR
- Catalogador: Víctor Ruiz/230623
